000 00315nam a22001457a 4500
008 230913b ||||| |||| 00| 0 eng d
020 _a0716705192
041 _aeng
080 _a521
082 _a521FRE
100 _a19
101 _aASTRO
245 _aNEW FRONTIERS IN ASTRONOMY
_cFREEMAN
942 _2udc
_cBK
999 _c60380
_d60380